000 00692nam a2200217Ia 4500
001 15287
003 GE_BSU
008 181216s||||||||xx |||||||||||||| ||und||
040 _cGE_BSU
080 _a821.353.1+821.353.1-2
100 _aშანშიაშვილი, სანდრო
245 _aრჩეული თხზულებანი 4 ტომად. ტ.2
245 _bპიესები
260 _aთბილისი
260 _bსაბჭოთა საქართველო
260 _c1962
300 _a338გვ.23სმ.
653 _aპიესები
653 _aრჩეული თხზულებანი
942 _cBK
999 _c48396
_d48396